000 00787nam a2200241 a 4500
001 BRCA_4525
005 20190320204714.0
008 040901s2004####sp-a######---#000-0#spa-#
020 _a8495498758
041 _aspa
044 _asp
050 4 _aPQ6147
_b.L83 2004
100 1 _aLucía Megías, José Manuel
_99831
245 1 0 _aDe los libros de caballerías manuscritos al Quijote
_cJosé Manuel Lucía Megías.
260 _aEspaña
_bSIAL
_c2004.
300 _a316
_bil.
_c21 cm
440 0 _aTrivium
_pBiblioteca de textos y ensayo
_v9
_911461
504 _aBibliografía: p. 307-316
650 1 4 _aNarrativa española
_xHistoria y crítica
_yPeríodo clásico, 1500-1700
_911462
650 1 4 _aCaballeros y caballería en la literatura.
_911463
902 _aCERV
942 _2lcc
_cB
999 _c4231
_d4231